Catálogo
 En Linea

La azucena roja. (Registro nro. 43151)

Detalles MARC
000 -CABECERA
campo de control de longitud fija 00283nam a2200109 a 4500
005 - FECHA Y HORA DE LA ÚLTIMA TRANSACCIÓN
campo de control 20201002044915.0
008 - DATOS DE LONGITUD FIJA--INFORMACIÓN GENERAL
campo de control de longitud fija 140402s1970 000 spa d
040 ## - FUENTE DE LA CATALOGACIÓN
Centro catalogador/agencia de origen DO-SdBNP
100 ## - ENTRADA PRINCIPAL--NOMBRE DE PERSONA
Nombre de persona France, Anatole
9 (RLIN) 40820
245 #3 - MENCIÓN DE TÍTULO
Título La azucena roja.
260 ## - PUBLICACIÓN, DISTRIBUCIÓN, ETC.
Lugar de publicación, distribución, etc. Madrid -- Libra,
Fecha de publicación, distribución, etc. 1970 -- 207 p.

No hay ítems disponibles.

Con tecnología Koha